Sports Quiz

Random Sports or NFL Quiz

Big 4 Teams (Redux) Quiz Stats

 Plays Quiz Updated May 2, 2018

Score 0/123 Timer 05:00
8 Plays Today
% Correct
???
31%
???
30.9%
???
30.9%
???
30.8%
???
30.7%
???
30.7%
???
30.6%
???
30.6%
???
30.5%
???
30.5%
???
30.5%
???
30.4%
???
30.4%
???
30.3%
???
30.3%
???
30.3%
???
30.3%
???
30.2%
???
30.2%
???
30.2%
???
30.2%
???
30.1%
???
30.1%
???
30.1%
???
30.1%
???
30%
???
30%
???
29.9%
???
29.9%
???
29.8%
???
29.7%
???
29.7%
???
29.7%
???
29.7%
???
29.7%
???
29.7%
???
29.7%
???
29.7%
???
29.7%
???
29.6%
???
29.6%
% Correct
???
29.6%
???
29.6%
???
29.6%
???
29.5%
???
29.6%
???
29.5%
???
29.5%
???
29.5%
???
29.5%
???
29.5%
???
29.5%
???
29.4%
???
29.3%
???
29.3%
???
29.3%
???
29.3%
???
29.2%
???
29.2%
???
29.2%
???
29.1%
???
29.1%
???
29.1%
???
29%
???
29%
???
28.9%
???
28.9%
???
28.9%
???
28.9%
???
28.9%
???
28.9%
???
28.9%
???
28.9%
???
28.8%
???
28.7%
???
28.7%
???
28.7%
???
28.6%
???
28.6%
???
28.6%
???
28.5%
???
28.5%
% Correct
???
28.5%
???
28.5%
???
28.4%
???
28.4%
???
28.3%
???
28.3%
???
28.3%
???
28.3%
???
28%
???
28%
???
28%
???
27.9%
???
27.9%
???
27.7%
???
27.6%
???
27.4%
???
27.4%
???
27.3%
???
27%
???
26.8%
???
26.8%
???
26.8%
???
26.8%
???
26.5%
???
26.4%
???
26.4%
???
26.3%
???
26.3%
???
26%
???
26%
???
25.9%
???
25.8%
???
25.8%
???
25.6%
???
25.6%
???
25.5%
???
25.3%
???
24.5%
???
23.8%
???
23.6%
???
19.7%

You're not logged in!

Compare scores with friends on all Sporcle quizzes.
OR
Log In

Show Comments

Extras

Top Quizzes Today


Score Distribution

Your Account Isn't Verified!

In order to create a playlist on Sporcle, you need to verify the email address you used during registration. Go to your Sporcle Settings to finish the process.

Report this User

Report this user for behavior that violates our Community Guidelines.

Details: